Computer Modelling of Heat and Fluid Flow in Materials Processing

Enregistré dans:
Détails bibliographiques
Auteur principal: Chun-Pyo Hong (Auteur)
Format: Livre
Langue:anglais
Publié: London : IOP Publishing Ltd, 2004
Sujets:
Tags: Ajouter un tag
Pas de tags, Soyez le premier à ajouter un tag!

MARC

LEADER 00000nam a22000003a 4500
001 stu92784
005 20150617225616.9
008 050208s2004----uk------------------eng-d
020 |a 0-7503-0445-6 
040 |a STU  |b slo 
041 0 |a eng 
044 |a uk 
080 |a 004.94 
100 1 |a Chun-Pyo Hong  |4 aut 
245 1 |a Computer Modelling of Heat and Fluid Flow in Materials Processing 
260 |a London :  |b IOP Publishing Ltd,  |c 2004 
300 |a 257 s 
650 7 |a spracovanie materiálov  |2 stusub 
650 7 |a modelovanie počítačové  |2 stusub 
996 |b 284M037953  |c M*11566-1  |l MMKN  |s A  |a 24  |w stu92784_0001